| 000 | 00379nam a22001457a 4500 | ||
|---|---|---|---|
| 999 |
_c60677 _d60677 |
||
| 005 | 20231006103604.0 | ||
| 008 | 231006s1982 enk||||| |||| 00| 0 eng d | ||
| 041 | _aeng | ||
| 080 | _a903.28 B-87 | ||
| 245 | _aBronzeworkers in the Athenian Agora. | ||
| 264 |
_aAthens, _c1982. |
||
| 300 |
_a32 p. : _bill.; _c22 cm. |
||
| 653 | _aარქეოლოგია | ||
| 942 |
_2udc _cBK |
||